Optimalizácia koagulačno-flokulačných procesov v rámci čistenia odpadových vôd automobilového závodu

Enregistré dans:
Détails bibliographiques
Auteur principal: Tekulová, Mária (Auteur)
Autres auteurs: Zakhar, Ronald (Directeur de thèse)
Format: Manuscrit Livre
Langue:slovaque
Publié: 2023
Sujets:
Accès en ligne:http://is.stuba.sk/zp/portal_zp.pl?podrobnosti=169496
Tags: Ajouter un tag
Pas de tags, Soyez le premier à ajouter un tag!

MARC

LEADER 00000ntm a22000003a 4500
001 stuzp93981
003 SK-STU
005 20230909220716.8
007 ta
008 150427s2015----xo-----f-mn---000-0-slo-d
040 |a STU  |b slo 
041 0 |a slo 
100 1 |a Tekulová, Mária  |u 046290  |4 aut  |U FCHPT Ústav chemického a environmentálneho inžinierstva  |T FCHPT Oddelenie environmentálneho inžinierstva  |X 97443  |U C6290  |Y 120  |7 97443 
242 0 1 |a Optimization of Coagulation-flocculation Processes within Wastewater Treatment of an automotive plant  |y eng 
245 1 0 |a Optimalizácia koagulačno-flokulačných procesov v rámci čistenia odpadových vôd automobilového závodu 
260 |c 2023 
650 4 |a lakovacie procesy  |2 slo 
650 4 |a neutralizačná stanica  |2 slo 
650 4 |a koagulačné činidlá  |2 slo 
650 4 |a zrážanie  |2 slo 
650 4 |a painting process  |2 eng 
650 4 |a neutralization station  |2 eng 
650 4 |a coagulants  |2 eng 
650 4 |a percipitation  |2 eng 
700 1 |a Zakhar, Ronald  |u 046290  |k Z1  |4 ths  |U FCHPT Ústav chemického a environmentálneho inžinierstva  |T FCHPT Oddelenie environmentálneho inžinierstva  |X 69351  |U C6290  |Y 120  |7 A0000069351 
856 4 |u http://is.stuba.sk/zp/portal_zp.pl?podrobnosti=169496